Normal view
MARC view
Entry Geographic Name
001 - CONTROL NUMBER
- control field: 1113062
003 - CONTROL NUMBER IDENTIFIER
- control field: OSt
005 - DATE AND TIME OF LATEST TRANSACTION
- control field: 20260202112831.0
008 - FIXED-LENGTH DATA ELEMENTS
- fixed length control field: 260202|| aca||aabn | a|a d
040 ## - CATALOGING SOURCE
- Original cataloging agency: OSt
- Transcribing agency: OSt
151 ## - HEADING--GEOGRAPHIC NAME
- Geographic name: Economic development in--China
670 ## - SOURCE DATA FOUND
- Source citation: Work cat.: (OSt)1678454: Au, Anson 1113060, The Governance of Economic Development :, 2024 .
